| 000 | 01059nam a2200349 b 4500 | ||
|---|---|---|---|
| 001 | 0502266 | ||
| 003 | DO-SdBNP | ||
| 005 | 20240118105902.0 | ||
| 007 | 0502266 | ||
| 008 | 960829s1995 sp | ||| ||spa | ||
| 017 |
_a _b |
||
| 020 | _a8420447919 | ||
| 035 | _a | ||
| 040 |
_aBPMSU _bspa _cBPMSU _e |
||
| 080 | 0 | _a | |
| 082 | 4 |
_a833.91 _bK41c 1995 _222 |
|
| 100 | 1 | _aKerr, Judith | |
| 245 | 1 | 0 |
_aCuando Hitler robó el conejo rosa / _cJudith Kerr ; traducción de Maria Luisa Balseiro ; ilustraciones de Judith Kerr _h |
| 260 |
_aMadrid : _bAlfaguara,, _c1995 |
||
| 300 |
_a264 p. : _bil.; _c21 cm |
||
| 490 | 0 | _aClásicos Alfaguara | |
| 534 |
_aTítulo original : _tWhen Hitler stole pink rabbit |
||
| 590 | _aInventariado, 2024/VM | ||
| 650 | 4 | _aNovela juvenil alemana. | |
| 650 | 4 |
_aGuerra Mundial II, 1939-1945 _vNovela juvenil |
|
| 650 | 4 |
_aConejos _vNovela juvenil. |
|
| 700 | 1 |
_aBalseiro, Maria Luisa _etr. |
|
| 700 | 1 |
_aKerr, Judith _eil. |
|
| 900 | _6 | ||
| 910 | _aVMateo V. Control de calidad. BPMSU | ||
| 942 |
_2ddc _cBK |
||
| 999 |
_c9898 _d9898 |
||